[Event "3º Open de Lisboa "]
[Site "Altis Park Hotel - Rua Eng.º A"]
[Date "2015.08.11"]
[Round "5.7"]
[White "STELIAN, Turtã"]
[Black "CRACIUN, Ion"]
[Result "1/2-1/2"]
[WhiteElo "1905"]
[BlackElo "2025"]
[PlyCount "178"]
[EventDate "2015.08.08"]

1. d4 Nf6 2. Bf4 c5 3. e3 cxd4 4. exd4 g6 5. c3 Bg7 6. h3 O-O 7. Be2 d6 8. Nf3
a6 9. O-O b5 10. a3 Bb7 11. Re1 Nbd7 12. Nbd2 Nb6 13. Qb3 Bd5 14. Qc2 Rc8 15.
Qb1 Re8 16. Bd3 Nc4 17. Nxc4 bxc4 18. Be2 Qb6 19. Nd2 Be6 20. Qa2 d5 21. g4 h5
22. f3 hxg4 23. hxg4 Nh7 24. Be3 f5 25. Qb1 Rf8 26. Rf1 f4 27. Bf2 Bf7 28. Kg2
g5 29. Bd1 Bg6 30. Bc2 Bxc2 31. Qxc2 Rf6 32. Rh1 Nf8 33. Rab1 Rb8 34. b3 cxb3
35. Rxb3 Qc7 36. Rxb8 Qxb8 37. c4 Qc7 38. c5 Qc6 39. Rb1 Qc8 40. Qb3 e6 41. Qa4
Nd7 42. Qb4 Rf8 43. Qb7 Nb8 44. Qa7 Nc6 45. Qb7 Bxd4 46. Bxd4 Nxd4 47. Qe7 Qd8
48. Qb7 Qc8 49. Qb6 Nc6 50. Qb2 e5 51. Qb3 Qd7 52. Ne4 Qd8 53. Nd6 Ne7 54. Qb7
a5 55. Rh1 Rf6 56. Rh5 Rg6 57. Nf5 Nxf5 58. Qh7+ Kf8 59. Qxg6 Nh4+ 60. Rxh4
gxh4 61. Qf5+ Kg8 62. Qxe5 d4 63. Qxf4 d3 64. Qd2 Qd5 65. c6 h3+ 66. Kxh3 Qxf3+
67. Kh4 Qh1+ 68. Kg3 Qxc6 69. Qxd3 Qc7+ 70. Kh3 Qc1 71. Qd8+ Kg7 72. Qxa5 Qe3+
73. Kh4 Qf2+ 74. Kh3 Qe3+ 75. Kg2 Qe2+ 76. Kh1 Qxg4 77. Qc7+ Kf8 78. Qd6+ Ke8
79. Qc6+ Kd8 80. a4 Qh3+ 81. Kg1 Qg3+ 82. Kf1 Qd3+ 83. Ke1 Qb1+ 84. Kd2 Qb2+
85. Kd3 Qb1+ 86. Kd4 Qb2+ 87. Kc5 Qc3+ 88. Kb6 Qxc6+ 89. Kxc6 Kc8 1/2-1/2

[Event "3º Open de Lisboa "]
[Site "Altis Park Hotel - Rua Eng.º A"]
[Date "2015.08.11"]
[Round "5.8"]
[White "FERREIRA, Carlos André Santos"]
[Black "MENDES, Modeste"]
[Result "1-0"]
[WhiteElo "2013"]
[BlackElo "1816"]
[PlyCount "101"]
[EventDate "2015.08.08"]

1. e4 e6 2. d3 d5 3. Nd2 Nf6 4. Ngf3 c5 5. g3 Be7 6. Bg2 Nc6 7. O-O O-O 8. Re1
Qc7 9. c3 d4 10. a4 a6 11. Nc4 e5 12. Nfd2 Be6 13. a5 Rad8 14. Qc2 h6 15. Rf1
g5 16. Nb3 Bxc4 17. dxc4 dxc3 18. bxc3 Qd7 19. Be3 Qc7 20. Qe2 Rfe8 21. h4 Nh7
22. Qh5 Kg7 23. hxg5 hxg5 24. f4 exf4 25. gxf4 Rh8 26. Qg4 f6 27. Nxc5 Bxc5 28.
Bxc5 Nxa5 29. Bd4 Nb3 30. fxg5 Nxd4 31. gxf6+ Kf8 32. cxd4 Rxd4 33. Qh5 Rd7 34.
Rac1 Qg3 35. Qh6+ Kf7 36. Qh5+ Kf8 37. Qc5+ Kf7 38. Qf2 Qg5 39. Qf4 Qxf4 40.
Rxf4 Ng5 41. Rf5 Ne6 42. e5 Rg8 43. Kf1 Nd4 44. Rf2 Rg5 45. Bd5+ Ne6 46. Re2
Rh5 47. Rc3 b5 48. Rg3 Rh7 49. Reg2 bxc4 50. Rg7+ Kf8 51. Rxd7 1-0

[Event "3º Open de Lisboa "]
[Site "Altis Park Hotel - Rua Eng.º A"]
[Date "2015.08.11"]
[Round "5.9"]
[White "DIOGO, Vasco André Marçalo"]
[Black "FIDALGO, Daniel Neves"]
[Result "1/2-1/2"]
[WhiteElo "2240"]
[BlackElo "1802"]
[PlyCount "85"]
[EventDate "2015.08.08"]

1. e4 e6 2. d3 d5 3. Nd2 Nf6 4. Ngf3 dxe4 5. dxe4 Bc5 6. Bd3 O-O 7. O-O Nbd7 8.
e5 Nd5 9. Ne4 h6 10. a3 a5 11. c4 Ne7 12. Bf4 Nc6 13. Bc2 Qe7 14. Qd3 f5 15.
exf6 Nxf6 16. Nxf6+ Qxf6 17. Bxc7 Bd4 18. Nxd4 Nxd4 19. Rae1 Nxc2 20. Qxc2 Bd7
21. Re3 Qf5 22. Qc3 Bc6 23. Be5 Rf7 24. Rg3 Rd8 25. f4 g5 26. Qxa5 Rdf8 27. Qe1
Kh7 28. Bd6 Rd8 29. Qe5 gxf4 30. Qxf5+ Rxf5 31. Rd3 Rg8 32. Rd2 e5 33. b4 f3
34. b5 Be4 35. Bc5 Rxg2+ 36. Rxg2 fxg2 37. Rxf5 Bxf5 38. Kxg2 Bd3 39. Kf3 Bxc4
40. a4 Bb3 41. a5 Bc4 42. b6 Kg6 43. Ke4 1/2-1/2

[Event "3º Open de Lisboa "]
[Site "Altis Park Hotel - Rua Eng.º A"]
[Date "2015.08.11"]
[Round "5.10"]
[White "MARTINS, Bruno André Leite"]
[Black "BRUNIER, Jules"]
[Result "0-1"]
[WhiteElo "1703"]
[BlackElo "2029"]
[PlyCount "104"]
[EventDate "2015.08.08"]

1. e4 e6 2. d4 d5 3. Nd2 Nf6 4. e5 Nfd7 5. Bd3 c5 6. c3 Nc6 7. Ne2 cxd4 8. cxd4
f6 9. Nf4 Nxd4 10. Qh5+ Ke7 11. Ng6+ hxg6 12. exf6+ Nxf6 13. Qxh8 Kf7 14. O-O
e5 15. b3 Bf5 16. Bxf5 gxf5 17. Bb2 Bc5 18. Qxd8 Rxd8 19. Bxd4 Bxd4 20. Rac1
Bb6 21. h3 e4 22. Rfe1 Nd7 23. Re2 Ne5 24. b4 Nd3 25. Rb1 Rc8 26. Nb3 Nxb4 27.
Nd4 Bxd4 28. Rxb4 Bb6 29. a4 d4 30. Rb5 Rc1+ 31. Kh2 d3 32. Rd2 Ke6 33. g3 Bd4
34. Rb3 Bc3 35. Rxc3 Rxc3 36. Rd1 Ra3 37. Rb1 b6 38. Re1 Kd5 39. g4 f4 40. h4
Kd4 41. g5 Rxa4 42. h5 Ra5 43. Rg1 e3 44. fxe3+ fxe3 45. Rg4+ Ke5 46. h6 gxh6
47. g6 e2 48. g7 e1=Q 49. g8=Q Qe2+ 50. Kh3 Qf3+ 51. Rg3 Qh1+ 52. Kg4 Ra4+ 0-1

[Event "3º Open de Lisboa "]
[Site "Altis Park Hotel - Rua Eng.º A"]
[Date "2015.08.11"]
[Round "5.11"]
[White "MORAIS, Vitor Mestre"]
[Black "SOUSA, Tadeu Filipe Leonard"]
[Result "1-0"]
[WhiteElo "2017"]
[BlackElo "1799"]
[PlyCount "61"]
[EventDate "2015.08.08"]

1. d4 Nf6 2. Nf3 c5 3. g3 cxd4 4. Nxd4 e5 5. Nb5 d5 6. c4 a6 7. N5a3 d4 8. Bg2
Nc6 9. O-O Bc5 10. Nc2 O-O 11. a3 a5 12. Bg5 h6 13. Bxf6 Qxf6 14. Nd2 Qe7 15.
Rb1 Be6 16. e4 Rfd8 17. Kh1 a4 18. Qf3 Qg5 19. Qd3 Bg4 20. f4 exf4 21. gxf4 Ne5
22. fxe5 Be2 23. Qxe2 d3 24. Qf3 dxc2 25. Qxf7+ Kh8 26. Nf3 cxb1=Q 27. Nxg5
Qxb2 28. Qg6 hxg5 29. Bh3 Qe2 30. Qxg5 Rd1 31. Qh4+ 1-0

[Event "3º Open de Lisboa "]
[Site "Altis Park Hotel - Rua Eng.º A"]
[Date "2015.08.11"]
[Round "5.12"]
[White "BRAY, José Manuel"]
[Black "MARTINS, André G Gomes Brito"]
[Result "0-1"]
[WhiteElo "1873"]
[BlackElo "2009"]
[PlyCount "130"]
[EventDate "2015.08.08"]

1. e4 e5 2. Nf3 Nc6 3. Bb5 Nge7 4. O-O g6 5. Nc3 Bg7 6. d3 O-O 7. Be3 a6 8. Ba4
b5 9. Bb3 Na5 10. Qd2 Re8 11. Bg5 Nxb3 12. axb3 Bb7 13. Bh6 d5 14. Bxg7 Kxg7
15. Qg5 f6 16. Qg3 b4 17. Nxd5 Bxd5 18. exd5 Qxd5 19. Nd2 Nf5 20. Qf3 Qxf3 21.
Nxf3 Re6 22. g4 Ne7 23. Ra5 Rc6 24. Rc1 Rd8 25. Ne1 Nd5 26. Rca1 Rdd6 27. Kg2
Kf7 28. Kf3 Ke6 29. Rd1 f5 30. gxf5+ gxf5 31. Rda1 Kf6 32. Ke2 Kg5 33. Kf3 Kf6
34. Ke2 e4 35. Kd2 Kg5 36. Ng2 exd3 37. cxd3 f4 38. Rg1 Kf6 39. Nh4 Rd8 40. Nf3
h6 41. Re1 Ne7 42. Ree5 Rcd6 43. d4 Nc6 44. Rf5+ Ke6 45. Rac5 Nxd4 46. Rce5+
Kd7 47. Nxd4 Rxd4+ 48. Ke2 Kc8 49. Kf3 Rd3+ 50. Kxf4 R8d4+ 51. Re4 Rxe4+ 52.
Kxe4 Rxb3 53. Kd4 Rxb2 54. Kc4 a5 55. Rxa5 Rxf2 56. Rh5 Rf4+ 57. Kb3 Kb7 58.
Rxh6 c6 59. Rh8 Kb6 60. Ka4 Kc5 61. Kb3 Rf3+ 62. Kc2 Kc4 63. Rh4+ Kb5 64. Rh8
c5 65. Rh4 Rf2+ 0-1

[Event "3º Open de Lisboa "]
[Site "Altis Park Hotel - Rua Eng.º A"]
[Date "2015.08.11"]
[Round "5.13"]
[White "LAVRADOR, Rodolfo Manuel Masca"]
[Black "SOARES, Pedro José Garcia Pi"]
[Result "0-1"]
[WhiteElo "1936"]
[BlackElo "1657"]
[PlyCount "62"]
[EventDate "2015.08.08"]

1. e4 c5 2. d4 cxd4 3. c3 dxc3 4. Nxc3 Nc6 5. Nf3 e6 6. Bc4 a6 7. O-O Bc5 8.
Qe2 b5 9. Bb3 Qb6 10. Bf4 Nge7 11. Rac1 Nd4 12. Nxd4 Bxd4 13. Rfd1 O-O 14. Bg3
Bb7 15. Rd3 d5 16. exd5 Bxc3 17. Rdxc3 Nxd5 18. Rc5 Rfd8 19. h3 Rd7 20. Be5 Re8
21. Qg4 f6 22. Bg3 Qd8 23. Kh2 Kh8 24. a4 f5 25. Qe2 f4 26. Bh4 Qxh4 27. axb5
axb5 28. Qxb5 Red8 29. Bxd5 Bxd5 30. Rc8 Qxf2 31. Rxd8+ Rxd8 0-1

[Event "3º Open de Lisboa "]
[Site "Altis Park Hotel - Rua Eng.º A"]
[Date "2015.08.11"]
[Round "5.14"]
[White "RODRIGUES, Luis Miguel Bernard"]
[Black "CORREIA, Jorge Paulo Cardoso "]
[Result "1/2-1/2"]
[WhiteElo "1882"]
[BlackElo "1770"]
[PlyCount "112"]
[EventDate "2015.08.08"]

1. e4 c5 2. Nc3 Nc6 3. f4 e6 4. Nf3 Nf6 5. e5 Nd5 6. Nxd5 exd5 7. d4 cxd4 8.
Bd3 Be7 9. O-O d6 10. exd6 Qxd6 11. Ng5 Bxg5 12. fxg5 Be6 13. Bf4 Qd7 14. Bb5
O-O 15. Be5 Qd8 16. Bf6 Qb6 17. Bd3 Rfc8 18. Qh5 gxf6 19. Qh6 f5 20. g4 Ne7 21.
Rae1 Rxc2 22. Qf6 Ng6 23. gxf5 Bxf5 24. Qxf5 Rc7 25. Qxd5 Rf8 26. Rf6 Rc5 27.
Qg2 Qa5 28. Qf2 Rxg5+ 29. Kh1 Re5 30. Rf1 Qd5+ 31. Qf3 Qxf3+ 32. R1xf3 Re3 33.
Bc4 Rxf3 34. Rxf3 Kg7 35. Rf5 f6 36. Rd5 Ne5 37. Rxd4 Nxc4 38. Rxc4 Rf7 39. Kg2
Kg6 40. Kf3 h5 41. Kf4 Rd7 42. Rc2 Rd4+ 43. Ke3 Rd7 44. Rg2+ Kf5 45. Rc2 Kg5
46. Rc4 h4 47. b4 f5 48. b5 h3 49. a4 Rg7 50. a5 Re7+ 51. Kf3 Re5 52. Rb4 Rc5
53. Rb3 f4 54. a6 b6 55. Rd3 Rc7 56. Rd5+ Kf6 1/2-1/2

[Event "3º Open de Lisboa "]
[Site "Altis Park Hotel - Rua Eng.º A"]
[Date "2015.08.11"]
[Round "5.15"]
[White "ADÃO, David Jaime Changani"]
[Black "CADEIRINHAS, David Eduardo Lou"]
[Result "0-1"]
[WhiteElo "1788"]
[BlackElo "1877"]
[PlyCount "50"]
[EventDate "2015.08.08"]

1. d4 Nf6 2. c4 g6 3. Nc3 d6 4. Nf3 Nbd7 5. e4 e5 6. dxe5 dxe5 7. Be2 Bg7 8.
O-O O-O 9. Bg5 h6 10. Bh4 c6 11. Qc2 Qe7 12. Rad1 g5 13. Bg3 Nh5 14. Bxe5 Nxe5
15. Nxe5 Qxe5 16. Bxh5 g4 17. Bxf7+ Rxf7 18. f4 gxf3 19. Rd8+ Kh7 20. Qd2 Qc5+
21. Rf2 fxg2 22. e5 Qxf2+ 23. Qxf2 Rxf2 24. Kxf2 Bxe5 25. Ne4 Bxh2 0-1

[Event "3º Open de Lisboa "]
[Site "Altis Park Hotel - Rua Eng.º A"]
[Date "2015.08.11"]
[Round "5.16"]
[White "PINTOR, Simão Maciel Abranch"]
[Black "ROCHA, Manuel Fernando Teix"]
[Result "1-0"]
[WhiteElo "2089"]
[BlackElo "1827"]
[PlyCount "65"]
[EventDate "2015.08.08"]

1. d4 d5 2. c4 c6 3. Nf3 Nf6 4. Nc3 a6 5. cxd5 cxd5 6. Bf4 Bf5 7. Qb3 Nc6 8.
Qxb7 Na5 9. Qc7 Nc4 10. Nh4 Be6 11. Qxd8+ Kxd8 12. b3 Na3 13. O-O-O Bd7 14. Kb2
e6 15. Bg5 a5 16. e4 Bb4 17. exd5 Bxc3+ 18. Kxc3 exd5 19. Kb2 a4 20. b4 Nc4+
21. Bxc4 a3+ 22. Kc3 Rc8 23. Kb3 Rxc4 24. Nf3 h6 25. Ne5 Kc7 26. Bxf6 Ba4+ 27.
Kxa4 Rc3 28. b5 Kb7 29. Rc1 Rhc8 30. Nc6 Rxc1 31. Rxc1 Ra8+ 32. Na5+ Kb6 33.
Rc6+ 1-0

[Event "3º Open de Lisboa "]
[Site "Altis Park Hotel - Rua Eng.º A"]
[Date "2015.08.11"]
[Round "5.17"]
[White "PRATA, José Miguel Mendes"]
[Black "COSTA, João Luis Silva M Yu"]
[Result "0-1"]
[WhiteElo "2003"]
[BlackElo "1782"]
[PlyCount "110"]
[EventDate "2015.08.08"]

1. e4 c5 2. Nf3 e6 3. d3 d5 4. Nbd2 Nc6 5. g3 Nf6 6. Bg2 Be7 7. O-O O-O 8. e5
Nd7 9. Re1 Qc7 10. Qe2 b5 11. Nf1 Bb7 12. c3 Rac8 13. Bf4 Rfd8 14. h4 Nb6 15.
N1h2 d4 16. h5 dxc3 17. bxc3 Rd7 18. h6 g6 19. Ng4 Qd8 20. Rad1 Nd5 21. Bd2 Nb6
22. Bf4 c4 23. dxc4 Nxc4 24. Rxd7 Qxd7 25. Bg5 Rd8 26. a4 a6 27. axb5 axb5 28.
Nf6+ Bxf6 29. Bxf6 Ne7 30. Nd4 Bxg2 31. Kxg2 Rc8 32. Bxe7 Qxe7 33. Nxb5 Qb7+
34. Qf3 Qxf3+ 35. Kxf3 Kf8 36. Kg4 Rc5 37. Nd4 Nxe5+ 38. Kh3 Nd3 39. Re2 Rxc3
40. Kg2 Rc4 41. Nf3 Rc5 42. Re3 Rd5 43. g4 e5 44. Kg3 f5 45. gxf5 gxf5 46. Re2
Kf7 47. Ra2 Kg6 48. Ra6+ Kh5 49. Rf6 f4+ 50. Kg2 e4 51. Nh2 Rg5+ 52. Kf1 f3 53.
Re6 Ra5 54. Kg1 Rg5+ 55. Kf1 Rg2 0-1

[Event "3º Open de Lisboa "]
[Site "Altis Park Hotel - Rua Eng.º A"]
[Date "2015.08.11"]
[Round "5.18"]
[White "AGUIAR, Carlos Alberto Branc"]
[Black "WESSLEN, Ulf"]
[Result "1/2-1/2"]
[WhiteElo "1837"]
[BlackElo "1989"]
[PlyCount "102"]
[EventDate "2015.08.08"]

1. e4 c5 2. Nc3 d6 3. d3 Nc6 4. g3 e6 5. Bg2 Nge7 6. f4 Nd4 7. Nf3 Nec6 8. O-O
Be7 9. Ne2 O-O 10. c3 Nxf3+ 11. Bxf3 f5 12. Be3 Kh8 13. exf5 exf5 14. d4 Bd7
15. Qd2 Qc7 16. Rad1 Rad8 17. Rfe1 b5 18. Kg2 a5 19. d5 Nb8 20. a3 Bf6 21. Rc1
Na6 22. b4 Rfe8 23. Bf2 Bc8 24. h3 Bb7 25. g4 g6 26. Ng3 Bh4 27. Rxe8+ Rxe8 28.
Re1 Qd7 29. Rxe8+ Qxe8 30. Qd3 c4 31. Qd4+ Kg8 32. Nxf5 gxf5 33. Bxh4 axb4 34.
axb4 fxg4 35. hxg4 Nc7 36. Qf6 Qf7 37. Qxd6 Nxd5 38. Qd8+ Kg7 39. Qg5+ Kf8 40.
Kg3 Qe6 41. Bxd5 Bxd5 42. Qf6+ Qxf6 43. Bxf6 Kf7 44. Bd4 Be4 45. f5 h6 46. Kf4
Bd3 47. g5 hxg5+ 48. Kxg5 Bc2 49. Kf4 Bd1 50. Ke5 Bc2 51. Kd6 Bd1 1/2-1/2

[Event "3º Open de Lisboa "]
[Site "Altis Park Hotel - Rua Eng.º A"]
[Date "2015.08.11"]
[Round "5.19"]
[White "NOGUEIRA, Diana Sofia Cunha"]
[Black "GARCIA, António Manuel Da Co"]
[Result "0-1"]
[WhiteElo "1691"]
[BlackElo "1957"]
[PlyCount "96"]
[EventDate "2015.08.08"]

1. e4 c5 2. Nc3 e6 3. g3 Nc6 4. Bg2 g6 5. d3 Bg7 6. f4 d6 7. Nf3 Nge7 8. O-O
O-O 9. g4 f5 10. exf5 exf5 11. g5 d5 12. Ne2 Be6 13. Kh1 d4 14. c3 dxc3 15.
bxc3 Qd7 16. Rb1 Bxa2 17. Rb2 Bf7 18. Be3 b6 19. Bg1 Rad8 20. Rd2 Qc7 21. h4
Nd5 22. Qc2 Rfe8 23. d4 Ne3 24. Bxe3 Rxe3 25. Ne5 Bd5 26. Ng1 Bxg2+ 27. Kxg2
Nxe5 28. dxe5 c4 29. Nf3 Rdd3 30. Rxd3 cxd3 31. Qb3+ Kh8 32. Qd5 Bf8 33. Qd4
Bc5 34. Qd5 Kg7 35. e6 Qd6 36. Qb7+ Qe7 37. Qxe7+ Bxe7 38. Nd4 Bc5 39. Nc6 Rxe6
40. Nxa7 Re2+ 41. Kf3 Re3+ 42. Kg2 d2 43. Rd1 Re2+ 44. Kf3 Rf2+ 45. Kg3 Be3 46.
Nb5 Rxf4 47. Nd4 Rg4+ 48. Kf3 Bxd4 0-1

[Event "3º Open de Lisboa "]
[Site "Altis Park Hotel - Rua Eng.º A"]
[Date "2015.08.11"]
[Round "5.20"]
[White "JESUS, João Pedro Mendes De"]
[Black "COELHO, Pedro Rodrigo Dias"]
[Result "1/2-1/2"]
[WhiteElo "1764"]
[BlackElo "1883"]
[PlyCount "80"]
[EventDate "2015.08.08"]

1. d4 d5 2. c4 e6 3. Nf3 Nf6 4. Nc3 Nbd7 5. Bg5 c6 6. e3 Qa5 7. Nd2 Bb4 8. Qc2
Ne4 9. Ndxe4 dxe4 10. Bh4 O-O 11. Be2 e5 12. O-O f5 13. a3 Bxc3 14. bxc3 Kh8
15. f3 exf3 16. Rxf3 e4 17. Rf2 Nf6 18. g4 Bd7 19. Raf1 Rae8 20. Qb2 Be6 21.
gxf5 Bf7 22. Bxf6 gxf6 23. Rg2 b5 24. Qb4 Qxb4 25. cxb4 bxc4 26. Rc1 Rg8 27.
Bxc4 Rxg2+ 28. Kxg2 Rg8+ 29. Kf2 Bd5 30. Bxd5 cxd5 31. h4 Rg4 32. Rc8+ Kg7 33.
Rc7+ Kh6 34. Rxa7 Rxh4 35. b5 Rh2+ 36. Kg3 Rb2 37. Kf4 Rf2+ 38. Kg3 Re2 39. Kf4
Rf2+ 40. Kg3 Re2 1/2-1/2

[Event "3º Open de Lisboa "]
[Site "Altis Park Hotel - Rua Eng.º A"]
[Date "2015.08.11"]
[Round "5.23"]
[White "FERREIRA, Hugo Miguel Da Costa"]
[Black "ALVES, Luis Miguel Guerreir"]
[Result "1/2-1/2"]
[WhiteElo "2133"]
[BlackElo "1761"]
[PlyCount "83"]
[EventDate "2015.08.08"]

1. d4 Nf6 2. Nf3 g6 3. Bg5 Bg7 4. Nbd2 O-O 5. c3 d5 6. e3 Nbd7 7. Bd3 c5 8. O-O
Qb6 9. Rb1 c4 10. Be2 Qa5 11. Qc1 b5 12. b4 Qb6 13. Bxf6 Nxf6 14. Ne5 Bf5 15.
Ra1 a5 16. a3 Ra7 17. f4 Rfa8 18. g4 Bc8 19. Qb2 Ne8 20. Bf3 e6 21. Bg2 Bf8 22.
h4 f5 23. h5 Rg7 24. hxg6 hxg6 25. Kf2 Nf6 26. g5 Nd7 27. Nef3 axb4 28. axb4
Rxa1 29. Rxa1 Qb7 30. Ra5 Bd6 31. Qa1 Bb8 32. Nb1 Nf8 33. Na3 Bd7 34. Nc2 Bc6
35. Ra6 Nd7 36. Ne5 Nxe5 37. dxe5 Ba7 38. Qa5 Rd7 39. Kg3 Rc7 40. Nd4 Bxd4 41.
exd4 Bd7 42. Bf3 1/2-1/2

[Event "3º Open de Lisboa "]
[Site "Altis Park Hotel - Rua Eng.º A"]
[Date "2015.08.11"]
[Round "5.24"]
[White "REIS, Luís De Sousa Almeid"]
[Black "BRANCO, Rómulo João Monteiro"]
[Result "1/2-1/2"]
[WhiteElo "2196"]
[BlackElo "1646"]
[PlyCount "131"]
[EventDate "2015.08.08"]

1. e4 e5 2. Bc4 Nf6 3. d3 Nc6 4. Nc3 Na5 5. Nf3 Nxc4 6. dxc4 d6 7. h3 Bd7 8.
Qe2 Be7 9. Bd2 O-O 10. g4 h6 11. O-O-O a6 12. Rhg1 Nh7 13. Nd5 Bg5 14. h4 Bxd2+
15. Qxd2 Be6 16. c5 dxc5 17. Qe3 c6 18. Nc3 Qe7 19. Nxe5 Bxa2 20. Nxc6 bxc6 21.
Nxa2 Qxh4 22. Qxc5 Qg5+ 23. Qxg5 Nxg5 24. Nc3 Rfe8 25. Rd6 Rac8 26. Re1 Nf3 27.
Re3 Ne5 28. Rg3 Rcd8 29. Rxd8 Rxd8 30. f4 Nc4 31. b3 Nb6 32. Rh3 Rd4 33. Rh5
Nd7 34. Ra5 Nf6 35. Rxa6 Nxe4 36. Ne2 Rd6 37. b4 Rg6 38. c4 Nf2 39. b5 cxb5 40.
Rxg6 fxg6 41. cxb5 Nxg4 42. b6 Nf6 43. Kc2 Kf8 44. b7 Nd7 45. Kc3 Kf7 46. Nd4
h5 47. Nc6 Ke6 48. Ne5 Nb8 49. Nxg6 Kf5 50. Nh4+ Kxf4 51. Kc4 Ke5 52. Nf3+ Kd6
53. Kd4 Kc7 54. Ke5 Nd7+ 55. Ke6 Nf8+ 56. Kf7 g6 57. Kxf8 Kxb7 58. Kf7 h4 59.
Ke6 h3 60. Nh2 Kc7 61. Kf6 Kc6 62. Kg5 Kd6 63. Kxg6 Kd5 64. Kg5 Kd4 65. Kg4 Ke4
66. Kxh3 1/2-1/2

[Event "3º Open de Lisboa "]
[Site "Altis Park Hotel - Rua Eng.º A"]
[Date "2015.08.11"]
[Round "5.25"]
[White "PIRES, Emanuel João Robarts"]
[Black "MACHADO, Tomás Dias"]
[Result "1-0"]
[WhiteElo "2133"]
[BlackElo "1427"]
[PlyCount "97"]
[EventDate "2015.08.08"]

1. e4 e6 2. f4 d5 3. e5 f6 4. Nf3 c5 5. Be2 Be7 6. O-O Nh6 7. d3 O-O 8. c3 Bd7
9. Na3 Nc6 10. Nc2 d4 11. exf6 Bxf6 12. c4 a6 13. Nd2 e5 14. Ne4 Be7 15. fxe5
Nf7 16. Bf4 Nfxe5 17. Qd2 Ng6 18. Bg3 Qb6 19. Ne1 Rxf1+ 20. Kxf1 Rf8+ 21. Kg1
Qa7 22. Nf3 b5 23. cxb5 axb5 24. a4 Ra8 25. Bd1 Nb4 26. Bb3+ Kh8 27. Nfg5 Bxg5
28. Nxg5 Be8 29. Qd1 Ne7 30. Qf3 Bg6 31. Bd6 Nxd3 32. Bxe7 c4 33. Rf1 Qb8 34.
Ba2 Nxb2 35. Ne6 Qc8 36. Bd8 Qxe6 37. Qxa8 Qe8 38. Qf3 h6 39. Qf8+ Qxf8 40.
Rxf8+ Kh7 41. axb5 c3 42. Bg8+ Kh8 43. b6 c2 44. Bb3+ Kh7 45. Bxc2 d3 46. Bxd3
Nxd3 47. b7 Nc5 48. b8=Q Nd7 49. Qd6 1-0

[Event "3º Open de Lisboa "]
[Site "Altis Park Hotel - Rua Eng.º A"]
[Date "2015.08.11"]
[Round "5.27"]
[White "ENCARNAÇÃO, Filipe Alexandré D"]
[Black "ELIAS, Ruben Joel Monteiro"]
[Result "0-1"]
[WhiteElo "1240"]
[BlackElo "1812"]
[PlyCount "74"]
[EventDate "2015.08.08"]

1. e4 c5 2. Nf3 Nc6 3. d4 cxd4 4. Nxd4 Nf6 5. Nc3 e5 6. Nb3 Bb4 7. Bg5 h6 8.
Bxf6 Qxf6 9. Qd3 O-O 10. a3 Bxc3+ 11. Qxc3 d6 12. Qd2 Rd8 13. O-O-O Be6 14. Kb1
Bxb3 15. cxb3 Nd4 16. Ka2 Rac8 17. Bd3 d5 18. f3 Qb6 19. b4 dxe4 20. Bxe4 Nxf3
21. Qxd8+ Rxd8 22. Rxd8+ Qxd8 23. Bxf3 Qe7 24. Be4 g6 25. Re1 f5 26. Bd5+ Kg7
27. Rc1 e4 28. Bc4 e3 29. Be2 Qe5 30. g3 g5 31. Rg1 Qd5+ 32. Kb1 Qd2 33. Rg2
Kf6 34. Ka1 Qc1+ 35. Ka2 Qh1 36. Bf3 Qxg2 37. Bxg2 e2 0-1

[Event "3º Open de Lisboa "]
[Site "Altis Park Hotel - Rua Eng.º A"]
[Date "2015.08.11"]
[Round "5.28"]
[White "ROMANO, João Manuel Pereira "]
[Black "JÚLIO, André Alexandre Mira"]
[Result "1-0"]
[WhiteElo "1775"]
[BlackElo "1521"]
[PlyCount "35"]
[EventDate "2015.08.08"]

1. e4 c5 2. Nf3 g6 3. d4 cxd4 4. Nxd4 Nc6 5. Nc3 Bg7 6. Nb3 Nf6 7. Be2 O-O 8.
O-O d6 9. Re1 Be6 10. Bf1 Na5 11. Nd5 Nxb3 12. axb3 Bd7 13. Bg5 e6 14. Nxf6+
Bxf6 15. Bxf6 Qxf6 16. Qxd6 Bc6 17. e5 Rfd8 18. Qxc6 1-0

[Event "3º Open de Lisboa "]
[Site "Altis Park Hotel - Rua Eng.º A"]
[Date "2015.08.11"]
[Round "5.29"]
[White "BÁRTOLO, Diogo"]
[Black "FORTUNATO, António Eduardo Con"]
[Result "0-1"]
[WhiteElo "1355"]
[BlackElo "1642"]
[PlyCount "56"]
[EventDate "2015.08.08"]

1. e4 e5 2. Nf3 Nc6 3. Bc4 d6 4. d4 exd4 5. Nxd4 Ne5 6. O-O Nxc4 7. b3 Ne5 8.
Nf5 Bxf5 9. exf5 Qf6 10. f4 Nc6 11. Re1+ Nge7 12. c3 O-O-O 13. Na3 Qxc3 14. Bd2
Qc5+ 15. Be3 Qxa3 16. Qc2 f6 17. g4 Nd5 18. Bd2 Qc5+ 19. Qxc5 dxc5 20. Rac1 Bd6
21. Rc4 Rhe8 22. Rf1 Re2 23. Bc1 Rde8 24. h4 Ncb4 25. Ba3 Ne3 26. Rxb4 cxb4 27.
Bc1 Nxf1 28. Kxf1 Re1+ 0-1

[Event "3º Open de Lisboa "]
[Site "Altis Park Hotel - Rua Eng.º A"]
[Date "2015.08.11"]
[Round "5.30"]
[White "LOPES, José Manuel Cidreiro"]
[Black "GUERREIRO, Hélder Campos"]
[Result "1/2-1/2"]
[WhiteElo "1641"]
[BlackElo "1495"]
[PlyCount "98"]
[EventDate "2015.08.08"]

1. e4 c5 2. Nf3 e6 3. d4 cxd4 4. Nxd4 a6 5. Bd3 Qc7 6. O-O b5 7. Be3 Bb7 8. f4
Nf6 9. Nd2 Be7 10. f5 e5 11. N4b3 Nc6 12. c3 O-O 13. g4 d5 14. g5 Nxe4 15. Bxe4
dxe4 16. f6 Bd6 17. fxg7 Rfe8 18. Nxe4 Be7 19. Nf6+ Bxf6 20. gxf6 Rad8 21. Qh5
Rd3 22. Rae1 Nd8 23. Nc1 Qc6 24. Qh3 Rd6 25. Rf5 Rxf6 26. Rh5 Rg6+ 27. Rg5 Qh1+
28. Kf2 Rf6+ 29. Ke2 Qf3+ 30. Qxf3 Bxf3+ 31. Kd2 Rd6+ 32. Kc2 Be4+ 33. Kb3 Ne6
34. Rxe5 Bg6 35. h4 Nxg7 36. Rxe8+ Nxe8 37. Bc5 Rd8 38. Re7 Nf6 39. Ra7 Ne4 40.
Bd4 Nd2+ 41. Kb4 Rc8 42. b3 Nf3 43. Bf6 h5 44. Rxa6 Rb8 45. Rd6 Kh7 46. Rd5 Be4
47. Rxb5 Rxb5+ 48. Kxb5 Kg6 49. Bd8 f6 1/2-1/2

[Event "3º Open de Lisboa "]
[Site "Altis Park Hotel - Rua Eng.º A"]
[Date "2015.08.11"]
[Round "5.34"]
[White "ABREU, Paulo Alexandré Madu"]
[Black "MARTINS, Domingos António Mel"]
[Result "0-1"]
[WhiteElo "1322"]
[BlackElo "1291"]
[PlyCount "54"]
[EventDate "2015.08.08"]

1. e4 e5 2. f4 exf4 3. Nf3 Nc6 4. Bc4 Nf6 5. Nc3 Bc5 6. d4 Bb6 7. Bxf4 d6 8. h3
O-O 9. Qd2 Re8 10. Bd3 Nxd4 11. O-O-O c5 12. Qe1 Ba5 13. Bd2 Bxc3 14. Bxc3 Be6
15. Nxd4 cxd4 16. Bxd4 Bxa2 17. b3 a5 18. Qc3 a4 19. Bb5 Rc8 20. Bc4 Nxe4 21.
Qf3 d5 22. Qg4 g6 23. Be3 axb3 24. Rxd5 Nd6 25. Rxd6 Rxc4 26. Qxc4 Qxd6 27. Rf1
b2+ 0-1

[Event "3º Open de Lisboa "]
[Site "Altis Park Hotel - Rua Eng.º A"]
[Date "2015.08.11"]
[Round "5.35"]
[White "MARTINS, Abílio Morgado"]
[Black "LAGES, Duarte Jorge Silva"]
[Result "1-0"]
[WhiteElo "1524"]
[BlackElo "1725"]
[PlyCount "49"]
[EventDate "2015.08.08"]

1. d4 Nf6 2. c4 e5 3. dxe5 Ng4 4. Nf3 Bc5 5. e3 Nc6 6. Qd5 Qe7 7. Nc3 Ngxe5 8.
a3 Nxf3+ 9. Qxf3 a5 10. Qg3 O-O 11. Nb5 d6 12. Be2 Ne5 13. O-O c6 14. Nc3 Be6
15. b3 Rad8 16. Bb2 d5 17. Qxe5 Bd6 18. Nxd5 Bxe5 19. Nxe7+ Kh8 20. Bxe5 Rd7
21. Nxc6 bxc6 22. Rfd1 Rfd8 23. Rxd7 Rxd7 24. Bc3 Rb7 25. Rd1 1-0

[Event "3º Open de Lisboa "]
[Site "Altis Park Hotel - Rua Eng.º A"]
[Date "2015.08.13"]
[Round "6.1"]
[White "ROCHA, Sérgio Manuel Colaço"]
[Black "FIDALGO, André Neves"]
[Result "1-0"]
[WhiteElo "2384"]
[BlackElo "2058"]
[PlyCount "107"]
[EventDate "2015.08.08"]

1. d4 Nf6 2. Nf3 c5 3. c4 cxd4 4. Nxd4 g6 5. g3 Bg7 6. Bg2 O-O 7. O-O Nc6 8.
Nc2 d6 9. Nc3 Be6 10. Ne3 Qd7 11. Re1 Rfc8 12. Rb1 Ng4 13. Ned5 Bxd5 14. Nxd5
Rab8 15. Bf4 Nge5 16. b3 Nd8 17. Bg5 Nec6 18. a4 Ne6 19. Be3 b6 20. Bh3 f5 21.
Bg2 Ned8 22. Qd2 Nf7 23. Nf4 e6 24. Red1 Ne7 25. h4 Rd8 26. Qb4 Ne5 27. Qa3 Ng4
28. Bc1 Nf6 29. Bb2 e5 30. Bxe5 dxe5 31. Rxd7 Rxd7 32. Ne6 Bh8 33. Qa1 e4 34.
Rd1 Rbb7 35. Rxd7 Rxd7 36. Qe5 Nc6 37. Qb5 Rd6 38. Nf4 Nd7 39. Qa6 Kf7 40. Qb7
Be5 41. Nd5 Nd4 42. Bf1 Nxb3 43. Qxa7 Ke6 44. Qa8 Kf7 45. Qd8 Nbc5 46. h5 Re6
47. Qa8 Re8 48. Qc6 Re6 49. Qb5 Rd6 50. Bh3 Ke6 51. g4 Nf6 52. gxf5+ gxf5 53.
Ne3 Nxh5 54. Qe8+ 1-0